Análisis descriptivo del comportamiento de la población de alumnos de postgrado: Facultades de Ciencias Básicas y Matemáticas, Filosofía y Educación e Ingeniería período 1990-1994

Guardat en:
Dades bibliogràfiques
Autor principal: Cabrera G., Enrique (Autor)
Format: Llibre
Idioma:espanyol
Publicat: Valparaíso Universidad Católica de Valparaíso 1995
Matèries:
Etiquetes: Afegir etiqueta
Sense etiquetes, Sigues el primer a etiquetar aquest registre!

MARC

LEADER 00000nam a2200000 a 4500
001 UCP7163
003 CL-VaPUC
008 991203e19950000CL |||||||||||||||||spa|d
082 0 4 |a 519.5  |b CAB  |2 21 
100 0 |a Cabrera G., Enrique  |e author  |9 436583 
245 1 0 |a Análisis descriptivo del comportamiento de la población de alumnos de postgrado: Facultades de Ciencias Básicas y Matemáticas, Filosofía y Educación e Ingeniería período 1990-1994 
300 |a 22 h 
942 |c BK 
945 |d 19991203 00:00:00  |a rbrito 
260 |a Valparaíso  |b Universidad Católica de Valparaíso  |c 1995 
500 |a Taller de Estadística, prof. guía: Inés Guerrero Santana 
650 0 |a Análisis estadístico  |9 269506 
650 0 |a Estadística matemática  |9 260028 
650 0 |a Educación superior   |9 223851 
650 7 |a POSTGRADO  |2 CL-VaPUC  |9 375989 
583 |a last modification  |c 20130403 01:32:33  |k Rodrigo Vera 
999 |c 284478  |d 284476 
952 |0 0  |1 2  |4 0  |6 519_500000000000000_CAB_1995  |7 0  |8 F  |9 328541  |a BIBGIM  |b BIBGIM  |d 2019-11-20  |i 3572846  |o 519.5 CAB 1995  |p 3572846  |r 2019-11-20  |w 2019-11-20  |y BK_F  |k EST